[Event "Porto San Giorgio op 23rd"]
[Site "Porto San Giorgio"]
[Date "2011.08.26"]
[Round "7"]
[White "Almadori, Giovanni"]
[Black "Piantieri, Guido"]
[Result "0-1"]
[WhiteElo "1660"]
[BlackElo "1853"]
[PlyCount "68"]
[EventDate "2011.08.21"]
[EventType "swiss"]
[EventRounds "9"]
[EventCountry "ITA"]
[SourceTitle "CBM 144 Extra"]
[Source "ChessBase"]
[SourceDate "2011.10.28"]
[SourceVersion "1"]
[SourceVersionDate "2011.10.28"]
[SourceQuality "1"]

1. Nf3 Nf6 2. d4 d5 3. e3 e6 4. Bd3 Be7 5. 0-0 0-0 6. Nbd2 c5 7. c3 c4 8. Bc2 b5 9. e4 dxe4 10. Nxe4 Bb7 11. Qe2 Nbd7 12. Nxf6+ Nxf6 13. Ne5 Rc8 14. Bf4 Qd5 15. f3 Nh5 16. Be4 Nxf4 17. Qe3 Qd8 18. Bxb7 Nd5 19. Bxd5 Qxd5 20. Qe4 b4 21. Rfe1 Bd6 22. Qg4 Bxe5 23. Rxe5 Qd6 24. h4 f5 25. Qh3 bxc3 26. bxc3 Rb8 27. Rae1 Rf6 28. f4 Rb2 29. d5 exd5 30. Re8+ Kf7 31. Qe3 Qb6 32. Re7+ Kg6 33. Rxa7 Re6 34. Ra6 Qxe3+ 0-1

[Event "Porto San Giorgio op 23rd"]
[Site "Porto San Giorgio"]
[Date "2011.08.25"]
[Round "6"]
[White "Piantieri, Guido"]
[Black "Mazzarella, Antonio"]
[Result "0-1"]
[WhiteElo "1853"]
[BlackElo "2028"]
[PlyCount "112"]
[EventDate "2011.08.21"]
[EventType "swiss"]
[EventRounds "9"]
[EventCountry "ITA"]
[SourceTitle "CBM 144 Extra"]
[Source "ChessBase"]
[SourceDate "2011.10.28"]
[SourceVersion "1"]
[SourceVersionDate "2011.10.28"]
[SourceQuality "1"]

1. e4 e6 2. Nf3 d5 3. Nc3 dxe4 4. Nxe4 Nd7 5. d4 Ngf6 6. Nxf6+ Nxf6 7. Bd3 Be7 8. 0-0 0-0 9. Re1 b6 10. Bf4 Bb7 11. c3 c5 12. Qe2 cxd4 13. Nxd4 Qd5 14. Nf3 Rfd8 15. Rad1 Qh5 16. Qc2 Bxf3 17. gxf3 Qxf3 18. Bg3 Rac8 19. Bf1 Rxd1 20. Rxd1 Rd8 21. Rxd8+ Bxd8 22. Qa4 Qb7 23. Bg2 Qd7 24. Bc6 Qe7 25. Qd4 Bc7 26. Bh4 Qd6 27. Qxd6 Bxd6 28. Bxf6 gxf6 29. h3 h5 30. c4 Be5 31. b3 Kg7 32. Kg2 f5 33. Kf3 Bd4 34. Kg3 Kf6 35. Be8 Ke7 36. Bc6 Kd6 37. Be8 f6 38. a4 e5 39. Bxh5 e4 40. Bd1 Ke5 41. f4+ Kd6 42. Kh4 Be3 43. Kg3 Kc5 44. h4 Kd4 45. Bh5 Bd2 46. Bf7 Be1+ 47. Kg2 Bxh4 48. Kf1 Ke3 49. Bh5 Kxf4 50. Ke2 Ke5 51. Bf7 f4 52. Bd5 f5 53. Bf7 Bg3 54. Bh5 Kd4 55. Kd2 f3 56. Bf7 e3+ 0-1

[Event "Abruzzo Region-ch"]
[Site "Teramo"]
[Date "2011.05.21"]
[Round "1"]
[White "Piantieri, Guido"]
[Black "Di Donatantonio, Franco"]
[Result "0-1"]
[WhiteElo "1860"]
[BlackElo "2143"]
[PlyCount "34"]
[EventDate "2011.05.21"]
[EventType "swiss"]
[EventRounds "6"]
[EventCountry "ITA"]
[SourceTitle "EXT 2024"]
[Source "ChessBase"]
[SourceDate "2023.10.10"]
[SourceVersion "1"]
[SourceVersionDate "2023.10.10"]
[SourceQuality "1"]

1. e4 d6 2. Nf3 Nf6 3. d3 e5 4. Nbd2 Be7 5. Be2 0-0 6. 0-0 c6 7. Nc4 Be6 8. Ne3 h6 9. c3 Nbd7 10. Qc2 Re8 11. Bd2 Qc7 12. Rad1 d5 13. Rfe1 Nc5 14. exd5 Nxd5 15. Nxe5 Nxe3 16. Bxe3 Qxe5 17. d4 Qe4 0-1

[Event "Teramo Province-ch"]
[Site "Teramo"]
[Date "2010.01.23"]
[Round "1"]
[White "Di Donatantonio, Franco"]
[Black "Piantieri, Guido"]
[Result "1-0"]
[WhiteElo "2143"]
[BlackElo "1845"]
[PlyCount "53"]
[EventDate "2010.01.23"]
[EventType "swiss"]
[EventRounds "5"]
[EventCountry "ITA"]
[SourceTitle "EXT 2024"]
[Source "ChessBase"]
[SourceDate "2023.10.10"]
[SourceVersion "1"]
[SourceVersionDate "2023.10.10"]
[SourceQuality "1"]

1. d3 e5 2. e4 Nf6 3. Nf3 Nc6 4. Be2 Be7 5. 0-0 0-0 6. Nbd2 d5 7. c3 Be6 8. Qc2 Nd7 9. Re1 f5 10. b4 fxe4 11. dxe4 Bd6 12. exd5 Bxd5 13. Bc4 Ne7 14. Ng5 Nf6 15. Bxd5+ Nexd5 16. Ne6 Qd7 17. Nxf8 Rxf8 18. Ne4 Qf5 19. Nxf6+ Qxf6 20. Be3 Kh8 21. Rad1 c6 22. a3 e4 23. Bd4 Qh6 24. g3 Nf4 25. Qxe4 Nh3+ 26. Kg2 Ng5 27. Qg4 1-0

[Event "Pescara Weekend op 2nd"]
[Site "Pescara"]
[Date "2007.09.16"]
[Round "6"]
[White "Di Censo, Angelo"]
[Black "Piantieri, Guido"]
[Result "0-1"]
[WhiteElo "1748"]
[BlackElo "1758"]
[PlyCount "63"]
[EventDate "2007.09.07"]
[EventType "swiss"]
[EventRounds "6"]
[EventCountry "ITA"]
[SourceTitle "EXT 2010"]
[Source "ChessBase"]
[SourceDate "2010.11.25"]
[SourceVersion "1"]
[SourceVersionDate "2010.11.25"]
[SourceQuality "1"]

1. e4 e5 2. Nf3 Nc6 3. Bc4 Bc5 4. c3 Nf6 5. d4 exd4 6. cxd4 Bb4+ 7. Nc3 0-0 8. 0-0 Bxc3 9. bxc3 Nxe4 10. d5 Ne7 11. Re1 Nd6 12. Bb3 b5 13. Bg5 f6 14. Bf4 Bb7 15. a4 a6 16. Qd3 Rb8 17. axb5 axb5 18. Nd2 Kh8 19. Re3 Ng6 20. Rh3 f5 21. Bxd6 cxd6 22. Qg3 Qf6 23. Rh5 Rfe8 24. Bc2 Re5 25. Qh3 Nf4 26. Rxh7+ Kg8 27. Rh8+ Kf7 28. Qh7 Rxh8 29. Qxh8 Qg5 30. g3 Ne2+ 31. Kf1 Qxd2 32. Qh4 0-1

[Event "Pescara Weekend op 2nd"]
[Site "Pescara"]
[Date "2007.09.09"]
[Round "3"]
[White "Piantieri, Guido"]
[Black "Di Federico, Cristiano"]
[Result "1-0"]
[WhiteElo "1758"]
[BlackElo "1511"]
[PlyCount "77"]
[EventDate "2007.09.07"]
[EventType "swiss"]
[EventRounds "6"]
[EventCountry "ITA"]
[SourceTitle "EXT 2010"]
[Source "ChessBase"]
[SourceDate "2010.11.25"]
[SourceVersion "1"]
[SourceVersionDate "2010.11.25"]
[SourceQuality "1"]

1. d4 d5 2. c4 c6 3. Nc3 e5 4. dxe5 d4 5. Ne4 Qa5+ 6. Bd2 Qxe5 7. Ng3 c5 8. Nf3 Qc7 9. e4 Nd7 10. Bd3 g6 11. 0-0 Bg7 12. e5 Nxe5 13. Re1 Ne7 14. Nxe5 Bxe5 15. Qe2 Bxg3 16. hxg3 Be6 17. Bf4 Qc6 18. Qe5 Rg8 19. Be4 Qb6 20. Bd5 Rd8 21. Bg5 Rd7 22. Qf6 Kd8 23. Bxe6 fxe6 24. Rxe6 Qc7 25. Rae1 Re8 26. Rxe7 Rdxe7 27. Rxe7 Rxe7 28. Qf8+ Kd7 29. Qxe7+ Kc6 30. Qxc7+ Kxc7 31. Kf1 Kb6 32. Bd8+ Kc6 33. Ke2 Kd6 34. f4 Ke6 35. g4 h5 36. Kf3 b6 37. f5+ gxf5 38. gxh5 f4 39. Kxf4 1-0

[Event "Pescara Weekend op 2nd"]
[Site "Pescara"]
[Date "2007.09.08"]
[Round "2"]
[White "Cecamore, Antonino"]
[Black "Piantieri, Guido"]
[Result "1-0"]
[WhiteElo "1518"]
[BlackElo "1758"]
[PlyCount "77"]
[EventDate "2007.09.07"]
[EventType "swiss"]
[EventRounds "6"]
[EventCountry "ITA"]
[SourceTitle "EXT 2010"]
[Source "ChessBase"]
[SourceDate "2010.11.25"]
[SourceVersion "1"]
[SourceVersionDate "2010.11.25"]
[SourceQuality "1"]

1. e4 e5 2. Nf3 Nc6 3. d4 exd4 4. Bc4 Bc5 5. c3 d3 6. b4 Be7 7. Qb3 Nf6 8. Bxf7+ Kf8 9. e5 Ng4 10. Bh5 Ngxe5 11. Nxe5 Nxe5 12. f4 Ng6 13. 0-0 d5 14. Qd1 Bf5 15. Nd2 Qd6 16. Nb3 Kf7 17. Be3 Bf6 18. Qd2 Qd7 19. Nc5 Qc8 20. Nxd3 Rd8 21. Ne5+ Kg8 22. Bxg6 hxg6 23. Bd4 Qe6 24. Rae1 Re8 25. Kh1 Be4 26. Nxg6 Bxd4 27. f5 Qf6 28. cxd4 Bxf5 29. Ne5 Qe6 30. Rf3 Re7 31. Ref1 Be4 32. Rg3 Rf8 33. Rxf8+ Kxf8 34. Qf4+ Kg8 35. h3 Qf5 36. Qh4 Re8 37. Ng6 Bxg2+ 38. Rxg2 Qf1+ 39. Kh2 1-0

[Event "Porto San Giorgio op 18th"]
[Site "Porto San Giorgio"]
[Date "2006.08.25"]
[Round "5"]
[White "Piantieri, Guido"]
[Black "Taccia, Maurizio"]
[Result "1/2-1/2"]
[WhiteElo "1554"]
[BlackElo "1541"]
[PlyCount "129"]
[EventDate "2006.08.21"]
[EventType "swiss"]
[EventRounds "9"]
[EventCountry "ITA"]
[SourceTitle "CBM 113 Extra"]
[Source "ChessBase"]
[SourceDate "2006.09.14"]
[SourceVersion "1"]
[SourceVersionDate "2006.09.14"]
[SourceQuality "1"]

1. d4 e6 2. c4 d5 3. Nf3 Nf6 4. Nc3 c6 5. e3 Bd6 6. c5 Bc7 7. Bd3 Nbd7 8. b4 0-0 9. 0-0 Re8 10. e4 dxe4 11. Nxe4 Nxe4 12. Bxe4 Nf6 13. Bd3 h6 14. Bb2 Nd5 15. a3 Nf4 16. Be4 Rb8 17. Ne5 Bxe5 18. dxe5 Nd5 19. Qg4 f5 20. exf6 Nxf6 21. Qg3 Bd7 22. Bg6 Re7 23. Be5 Rc8 24. Bd6 Ne8 25. Bxe7 Qxe7 26. Rad1 Nf6 27. Rfe1 Qf8 28. Qd6 Rd8 29. Rxe6 Nd5 30. Qxf8+ Rxf8 31. Rd6 Be8 32. Bxe8 Rxe8 33. Kf1 Re7 34. Re1 Rf7 35. b5 Nf4 36. bxc6 bxc6 37. Rxc6 Nd3 38. Re2 Rb7 39. g3 Rb1+ 40. Kg2 Ne1+ 41. Kh3 Nf3 42. Rc8+ Kh7 43. c6 Ng1+ 44. Kg2 Nxe2 45. c7 Rc1 46. Re8 Nf4+ 47. Kf3 Rxc7 48. Kxf4 Rc2 49. Kf3 Ra2 50. Re3 Kg6 51. h4 Kf6 52. Kg2 Kg6 53. Kf3 Kf6 54. Rd3 Kg6 55. Ke3 Kf5 56. Rd5+ Kg4 57. Rd4+ Kh3 58. Ra4 Kg2 59. Rxa7 Rxf2 60. Rxg7 Rf3+ 61. Ke4 Rxa3 62. h5 Ra4+ 63. Kf5 Ra5+ 64. Kg6 Kxg3 65. Kxh6+ 1/2-1/2

[Event "Porto Sant Elpidio op-B 6th"]
[Site "Porto Sant Elpidio"]
[Date "2003.11.22"]
[Round "4"]
[White "Piantieri, Guido"]
[Black "Biagetti, Valerio"]
[Result "1-0"]
[WhiteElo "1509"]
[BlackElo "1668"]
[PlyCount "89"]
[EventDate "2003.11.15"]
[EventType "swiss"]
[EventRounds "6"]
[EventCountry "ITA"]
[SourceTitle "EXT 2024"]
[Source "ChessBase"]
[SourceDate "2023.10.10"]
[SourceVersion "1"]
[SourceVersionDate "2023.10.10"]
[SourceQuality "1"]

1. e4 e5 2. Bc4 Nf6 3. d3 c6 4. Nf3 d5 5. exd5 cxd5 6. Bb5+ Bd7 7. Bxd7+ Nbxd7 8. 0-0 Bd6 9. Nc3 0-0 10. Bg5 Qb6 11. Qd2 Rac8 12. Rab1 Rfe8 13. Rfe1 a6 14. Bh4 Qc7 15. h3 d4 16. Ne4 Nxe4 17. Rxe4 Qxc2 18. Qxc2 Rxc2 19. Nxd4 Rd2 20. Nf5 Rxd3 21. Nxd6 Rxd6 22. Rc1 Nb6 23. Rc7 Rd7 24. Rc5 f6 25. f3 Rd2 26. Rb4 Rd6 27. Rb3 Na4 28. Rc7 b6 29. Bf2 Red8 30. Rb4 b5 31. b3 Nb2 32. Rg4 g5 33. h4 h6 34. hxg5 hxg5 35. Bc5 Rd1+ 36. Kh2 Nd3 37. Be7 Nf2 38. Rb4 R8d2 39. Bxf6 Rxa2 40. Bxg5 Rh1+ 41. Kg3 Nd3 42. Rg4 Kf8 43. Be3 a5 44. Rg6 a4 45. Rb6 1-0

[Event "Porto Sant Elpidio op-B 5th"]
[Site "Porto Sant Elpidio"]
[Date "2002.11.03"]
[Round "3"]
[White "Padovani, Alessio"]
[Black "Piantieri, Guido"]
[Result "1-0"]
[WhiteElo "1635"]
[BlackElo "1500"]
[PlyCount "43"]
[EventDate "2002.11.02"]
[EventType "swiss"]
[EventRounds "6"]
[EventCountry "ITA"]
[SourceTitle "EXT 2024"]
[Source "ChessBase"]
[SourceDate "2023.10.10"]
[SourceVersion "1"]
[SourceVersionDate "2023.10.10"]
[SourceQuality "1"]

1. c4 Nf6 2. g3 d5 3. Bg2 dxc4 4. Na3 c6 5. Nxc4 e6 6. Nf3 Bd6 7. b3 Qc7 8. Bb2 Be7 9. 0-0 0-0 10. Qc2 b5 11. Be5 Qd8 12. Bxb8 Rxb8 13. Nce5 Qc7 14. Nxc6 Kh8 15. Rac1 Rb6 16. Nxe7 Qxe7 17. Qc7 Qa3 18. Ne5 Qxa2 19. Ra1 Qxb3 20. Rxa7 Kg8 21. Nxf7 Nd5 22. Nh6+ 1-0